000
00331nam a2200145Ia 4500
005
20251222154346.0
008
251222s9999||||xx |||||||||||||| ||spa||
020
_a
8470650734
082
_a
551/L63
100
_a
Lillo BevIá, José
245
0
_a
Geología
250
_a
1ra.ed.
264
_b
Editorial Ecir, S.A.
942
_c
LIB
999
_c
34731
_d
34731